|
|
|
|
| LEADER |
00978cam a2200193 i 4500 |
| 008 |
800214m19781979ii b 001 0 eng |
| 082 |
0 |
0 |
|a 181/.4
|
| 245 |
0 |
0 |
|a Studies in the history of Indian philosophy :
|b an anthology of articles by scholars, eastern and western /
|c editor, Debiprasad Chattopadhyaya.
|
| 260 |
|
|
|a Calcutta :
|b K. P. Bagchi,
|c 1978-1979, c1977.
|
| 300 |
|
|
|a 3 v. ;
|c 23 cm.
|
| 500 |
|
|
|a Includes quotations in Sanskrit (Roman script)
|
| 504 |
|
|
|a Includes bibliographical references and indexes.
|
| 650 |
|
0 |
|a Philosophy, Indic
|x History.
|
| 700 |
1 |
|
|a Chattopadhyaya, Debiprasad.
|
| 906 |
|
|
|a 7
|b cbc
|c orignew
|d 4
|e ncip
|f 19
|g y-gencatlg
|
| 942 |
|
|
|c BK
|
| 999 |
|
|
|c 276247
|d 276247
|
| 952 |
|
|
|0 0
|1 0
|2 ddc
|4 0
|6 181_000000000000000__4_STU_1
|7 0
|9 310783
|a PHL
|b PHL
|c ST1
|d 2015-09-19
|h vol. 1
|i 2433
|o 181/.4 STU.1
|p PHL2433
|r 2015-09-19
|y BK
|
| 952 |
|
|
|0 0
|1 0
|2 ddc
|4 0
|6 181_000000000000000__4_STU_2
|7 0
|9 310784
|a PHL
|b PHL
|c ST1
|d 2018-04-05
|h vol. 2
|i 2434
|o 181/.4 STU.2
|p PHL2434
|r 2018-04-05
|y BK
|